Islam knowledge and other affairs

Bibliographic Details
Main Author: Mahathir Mohamad
Format: Book
Published: Selangor : MPH Group , 2006
Subjects:

MARC

LEADER 00000cam a2200000 7i4500
001 0000016077
005 20080421.0
008 080421
020 |a 9833698026 
090 0 0 |a 338.9595   |b MAH 
100 0 |a Mahathir Mohamad 
245 1 0 |a Islam knowledge and other affairs   |c Mahathir Mohamad 
260 |a Selangor :   |b MPH Group ,   |c 2006 
650 0 |a Islam and politics 
650 0 |a Malaysia   |x Economic aspects 
650 0 |a Malaysia   |x Foreign relations 
650 0 |a Speeches,addresses,etc 
999 |a 0001018818   |b Book   |c Adult Collection   |e Perbadanan Perpustakaan Awam Johor 
999 |a 0001018820   |b Book   |c Adult Collection   |e Perbadanan Perpustakaan Awam Johor